| 000 | 01079nac a22002291u 4500 | ||
|---|---|---|---|
| 010 | _a 2005054521 | ||
| 020 | _a0071468250 (pbk.) | ||
| 082 | 0 | 0 |
_a690.02/18 _bT2121 |
| 090 |
_c1883 _d1883 |
||
| 100 | _aTaylor, G. L. | ||
| 245 | 1 | 0 |
_aConstruction codes and inspection handbook / _cGil L. Taylor. |
| 260 |
_aNew York : _bMcGraw-Hill, _cc2006. |
||
| 300 |
_axvi, 637 p. : _bill. ; _c28 cm. |
||
| 500 | _aIncludes index. | ||
| 650 | 0 |
_aBuilding inspection _vHandbooks, manuals, etc. |
|
| 650 | 0 |
_aBuildings _vSpecifications _vHandbooks, manuals, etc. |
|
| 856 | 4 | 2 |
_3Contributor biographical information _uhttp://www.loc.gov/catdir/enhancements/fy0668/2005054521-b.html |
| 856 | 4 | 2 |
_3Publisher description _uhttp://www.loc.gov/catdir/enhancements/fy0668/2005054521-d.html |
| 856 | 4 | 2 |
_3Table of contents only _uhttp://www.loc.gov/catdir/enhancements/fy0668/2005054521-t.html |
| 942 |
_cNB _k690.02/18 |
||
| 999 |
_c1883 _d1883 |
||